000 00605nam a22001457a 4500
020 _a0-553-56070-0
082 _a823
_bSEG/A
100 _aSEGAL,ERICH
245 _aACTS OF FAITH
260 _aNEW YORK
_bBANTAM BOOKS
300 _a529
520 _aThey met as children, innocents from two different worlds. And from that moment their lives were fated to be forever entwined. Timothy : Abandoned at birth, he finds a home–and a dazzling career–within the Catholic Church. But the vows he takes cannot protect him from one soul-igniting passion.
650 _aNOVEL- ENGLISH
_zNEW YORK
942 _cBK
999 _c3459
_d3459